|
|
|
|
| LEADER |
00978nam a2200229 a 4500 |
| 001 |
000648191 |
| 003 |
CZ BrMZK |
| 005 |
20040224090651.0 |
| 008 |
030123s1981 xr f cze d |
| 040 |
|
|
|a BOA001
|b cze
|c BOA001
|
| 080 |
|
|
|a 624.15(061.3)
|2 MRF
|
| 111 |
2 |
|
|a Zakládání staveb (konference)
|n (9. :
|d 1981 :
|c Brno, Česko)
|7 mzk2004219403
|
| 245 |
1 |
0 |
|a 9. celostátní konference Zakládání staveb :
|b sborník přednášek
|
| 246 |
3 |
3 |
|a Devátá celostátní konference Zakládání staveb
|
| 260 |
|
|
|a Brno :
|b Dům techniky ČSVTS,
|c 1981
|
| 300 |
|
|
|a 229 s.
|
| 504 |
|
|
|a Obsahuje bibliografie
|
| 910 |
|
|
|a BOA001
|b TK-A-0208.517,9
|
| 990 |
|
|
|a BK
|
| 996 |
6 |
|
|b BC-73292
|c TK-A-0208.517,9
|l MZK
|r Sklad / do 24 hodin
|n 0
|w 000648191
|u 000010
|a 1
|e BOA001
|j MZK50
|s P
|
| 996 |
6 |
|
|b BC-73294
|c TK-A-0208.517,9
|l MZK
|r Sklad / do 24 hodin
|n 0
|w 000648191
|u 000020
|a 1
|e BOA001
|j MZK50
|s P
|
| 996 |
6 |
|
|b BC-73295
|c TK-A-0208.517,9
|l MZK
|r Sklad / do 24 hodin
|n 0
|w 000648191
|u 000030
|a 1
|e BOA001
|j MZK50
|s P
|